Wirkung der Emulsionsstruktur von W/O-Cremes auf Konsistenz und Arzneimittelfreisetzung [Effect of the emulsion structure of W/O creams on the consistency and drug release]

Elmentve itt :
Bibliográfiai részletek
Szerzők: Erős István
Mórocz M.
Csányi Erzsébet
Selmeczi B.
Dokumentumtípus: Cikk
Megjelent: 1989
Sorozat:PHARMAZEUTISCHE INDUSTRIE 51 No. 12
Tárgyszavak:
mtmt:1413918
Online Access:http://publicatio.bibl.u-szeged.hu/32717
LEADER 00880nab a2200229 i 4500
001 publ32717
005 20250411124158.0
008 250411s1989 hu o 000 ger d
022 |a 0031-711X; 1616-7074 
024 7 |a 1413918  |2 mtmt 
040 |a SZTE Publicatio Repozitórium  |b hun 
041 |a ger 
100 1 |a Erős István 
245 1 0 |a Wirkung der Emulsionsstruktur von W/O-Cremes auf Konsistenz und Arzneimittelfreisetzung [Effect of the emulsion structure of W/O creams on the consistency and drug release]  |h [elektronikus dokumentum] /  |c  Erős István 
260 |c 1989 
300 |a 1446-1449 
490 0 |a PHARMAZEUTISCHE INDUSTRIE  |v 51 No. 12 
650 4 |a Általános orvostudomány 
700 0 1 |a Mórocz M.  |e aut 
700 0 1 |a Csányi Erzsébet  |e aut 
700 0 1 |a Selmeczi B.  |e aut 
856 4 0 |u http://publicatio.bibl.u-szeged.hu/32717/1/aok_klny_122_89.pdf  |z Dokumentum-elérés